Xây dựng Framework giúp sử dụng các thuật toán điều khiển tự động thiết kế Matlab Simulink vào hệ thống nhúng sử dụng vi điều khiển ARM : Báo cáo tổng kết đề tài khoa học và công nghệ cấp trường

Tạo ra một Framework giúp sinh viên thực hiện đươc các bộ điều khiển chạy thời gian thực trên chip STM32F407 sử dụng thuật toán thiết kế trên Matlab/ Simulink, xây ứng dụng kiểm chứng.

Đã lưu trong:
Bibliografiske detaljer
Hovedforfatter: Nguyễn, Văn Khanh
Format: Bog
Sprog:Undetermined
Udgivet: Cần Thơ Trường Đại học Cần Thơ 2015
Fag:
Tags: Tilføj Tag
Ingen Tags, Vær først til at tagge denne postø!
Thư viện lưu trữ: Trung tâm Học liệu Trường Đại học Cần Thơ
LEADER 01335nam a2200229Ia 4500
001 CTU_210650
008 210402s9999 xx 000 0 und d
082 |a 005.133 
082 |b Kh107 
088 |a T2015-17 
100 |a Nguyễn, Văn Khanh 
245 0 |a Xây dựng Framework giúp sử dụng các thuật toán điều khiển tự động thiết kế Matlab Simulink vào hệ thống nhúng sử dụng vi điều khiển ARM : 
245 0 |b Báo cáo tổng kết đề tài khoa học và công nghệ cấp trường 
245 0 |c Nguyễn Văn Khanh (chủ nhiệm đề tài) 
260 |a Cần Thơ 
260 |b Trường Đại học Cần Thơ 
260 |c 2015 
520 |a Tạo ra một Framework giúp sinh viên thực hiện đươc các bộ điều khiển chạy thời gian thực trên chip STM32F407 sử dụng thuật toán thiết kế trên Matlab/ Simulink, xây ứng dụng kiểm chứng. 
650 |a Microcontroller,Ngông ngữ lập trình (máy tính điện tử),Vi điều khiển,Programming languages ( electronic computers ) 
904 |i Võ thị cẩm tú,Qhieu 
915 |a CN 
980 |a Trung tâm Học liệu Trường Đại học Cần Thơ